00322pab a2200121 454500008004000000100002600040245005800066260000900124300001300133362001200146650002100158773002100179180718b2015 xxu||||| |||| 00| 0 eng d aTilak, Jandhyala B.G. aHigher education in South Asia: crisis and challenges c2015 ap.43-59. aJan-Feb aHigher education aSocial Scientist